Gioielli carnali

Salvato in:
Dettagli Bibliografici
Autore principale: Marchese C.
Natura: Libro
Lingua:lingua imprecisata
Pubblicazione: Forlì Zoe 2003
Tags: Aggiungi Tag
Nessun Tag, puoi essere il primo ad aggiungerne!!

MARC

LEADER 00000nam a2200000Ia 4500
001 382
003 NUMERAZIONE-ORIGINALE-BRESCIA
005 20260206230753.0
008 260206s9999 xx 000 0 und d
100 |a Marchese C. 
245 0 |a Gioielli carnali 
260 |a Forlì 
260 |b Zoe 
260 |c 2003 
942 |2 ddc  |c BK  |n 0 
952 |0 0  |1 0  |2 ddc  |4 0  |6 11  |7 0  |9 28582  |a BS  |b BS  |d 2026-02-06  |i 382-2  |l 0  |o 1-1-*  |r 2026-02-06 22:40:38  |w 2026-02-06  |x [REVISIONARE]  |y BK 
952 |0 0  |1 0  |2 ddc  |4 0  |6 11  |7 0  |9 28583  |a BS  |b BS  |d 2026-02-06  |i 382-1  |l 0  |o 1-1-*  |r 2026-02-06 22:40:38  |w 2026-02-06  |x [REVISIONARE]  |y BK 
999 |c 24243  |d 24243